Introduction to Mathematical Logic
Saved in:
| Hovedforfatter: | |
|---|---|
| Format: | Bog |
| Sprog: | engelsk |
| Udgivet: |
Nueva York
Appleton-Century-Crofts
1964
|
| Serier: | The Appleton-Century Mathematics Series, 2
|
| Fag: | |
| Tags: |
Tilføj Tag
Ingen Tags, Vær først til at tagge denne postø!
|
MARC
| LEADER | 00000cam a2200000 a 4500 | ||
|---|---|---|---|
| 001 | UCF2315 | ||
| 003 | CL-VaPUC | ||
| 008 | 120817e19640000US |||||||||||||||||eng|d | ||
| 082 | 0 | 4 | |a 511.3 |b DIN |2 21 |
| 100 | 0 | |a Dinkines, Flora |e author |9 563910 | |
| 245 | 1 | 0 | |a Introduction to Mathematical Logic |
| 300 | |a 122 p | ||
| 942 | |c BK | ||
| 945 | |d 20120817 00:00:00 |a dcastane | ||
| 260 | |a Nueva York |b Appleton-Century-Crofts |c 1964 | ||
| 650 | 0 | |a Lógica |9 256849 | |
| 650 | 0 | |a Lógica matemática |9 262442 | |
| 583 | |a last modification |c 20120817 11:35:00 |k Rodrigo Vera | ||
| 490 | 0 | |a The Appleton-Century Mathematics Series, 2 | |
| 999 | |c 348887 |d 348885 | ||
| 952 | |0 0 |1 0 |4 0 |6 511_300000000000000_DIN_1964 |7 0 |8 A |9 451157 |a BIBMAT |b BIBMAT |d 2019-11-22 |i 4889487 |o 511.3 DIN 1964 |p 4889487 |r 2025-01-07 |w 2019-11-22 |y BK |k MAT | ||